| 000 | 01075nam a22002177a 4500 | ||
|---|---|---|---|
| 010 | _aB-189800 | ||
| 035 | _aB-189800 | ||
| 037 | _bCen Lib / Ret | ||
| 040 |
_aDPL _bEn |
||
| 082 |
_a011 _bREA |
||
| 245 |
_aThe Reader's adviser / _ba layman's guide to literature _cedited by F. J. Sypher |
||
| 250 | _a12th ed | ||
| 260 |
_aNew York _bR. R. Bowker Co _c1977 |
||
| 270 |
_a1180 Avenue of the Americas _bNew York |
||
| 300 |
_av 2. xiii, 713p ; _c27cm(Hb) |
||
| 505 | _av. 1. The best in reference works, British literature, and American literature / edited by David Scott Kastan and Emory Elliot -- v. 2. The best in world literature / edited by Robert DiYanni -- v. 3. The best in social sciences, history, and the arts / edited by John G. Sproat -- v. 4. The best in philosophy and religion / edited by Robert S. Ellwood -- v. 5. The best in science, technology, and medicine -- v. 6 Indexes | ||
| 650 | _aBest books. | ||
| 650 | _aLiterature -- Bio-bibliography. | ||
| 650 | _aReference books -- Bibliography. | ||
| 942 |
_2ddc _cEN _h011 _mREA |
||
| 999 |
_c137023 _d137023 |
||